MARC

LEADER 00000nam0a2200000 4500
001 275160
005 20231101234810.0
020 |a RU  |b 85-50639 
035 |a (RuTPU)RU\TPU\book\298392 
090 |a 275160 
100 |a 20141112d1985 km y0rusy5003 ca 
101 0 |a rus 
102 |a UA 
105 |a y a 000zy 
200 1 |a Вакуумные покрытия  |e библиографический указатель отечественной и зарубежной литературы. 1980-1984 гг.  |f Академия наук Украинской ССР (АН УССР), Институт электросварки им. Е. О. Патона (ИЭС) ; сост. Д. С. Пшеничникова 
210 |a Киев  |c Изд-во ИЭС  |d 1985 
215 |a 94 с. 
606 1 |a Библиографические пособия  |x По технике  |2 stltpush  |3 (RuTPU)RU\TPU\subj\69627  |9 84384 
606 1 |a Жаростойкие покрытия  |2 stltpush  |3 (RuTPU)RU\TPU\subj\10353  |9 37440 
610 1 |a металлизация в вакууме 
610 1 |a библиографические указатели 
610 1 |a вакуумные покрытия 
610 1 |a конденсация 
610 1 |a электронно-лучевое испарение 
610 1 |a технология 
610 1 |a ионно-плазменное распыление 
610 1 |a осаждение 
675 |a 621.793(01)  |z rus  |v 4 
686 |a Я19:621.79  |v LBC/SL-A  |2 rubbk 
702 1 |a Пшеничникова  |b Д. С.  |g Диамара Степановна  |4 220 
712 0 2 |a Академия наук Украинской ССР (АН УССР)  |b Институт электросварки им. Е. О. Патона (ИЭС)  |c (Киев)  |2 stltpush  |3 (RuTPU)RU\TPU\col\13726 
801 0 |a RU  |b RuMRKP  |c 19950704  |g psbo 
801 1 |a RU  |b 63413507  |c 20141112 
801 2 |a RU  |b 63413507  |c 20170328  |g RCR 
942 |c BK